=LDR 00000nam 2200000 4500 =001 INLIS000000000050371 =005 20170503083853 =035 ##$$a 0010-0517000024 =007 ta =008 170503###########################0###### =020 ##$$a 978-602-6348- 48-5 =082 ##$$a 634.4 =084 ##$$a 634.4 PER p =100 #$$a Permadi =245 1#$$a Panen jutaanrupiah dari usaha budidaya ,mangga /$c Permadi =250 ##$$a Cet.1 =260 ##$$a Yogyakarta :$b Akar Publishing,$c 2016 =300 ##$$a 108 hlm. : $b Ilus ; $c 20, 5 cm. =650 ##$$a Mangga =990 ##$$a 76637663 =990 ##$$a 76637663 =990 ##$$a 31700443 =990 ##$$a 02201707663 =990 ##$$a 31700444 =990 ##$$a 31700443